Visualizzazione normale
Vista MARC
- RELIGIOSO [SPARTITI MUSICALI]
di Topical Term
Records bibliografici associati: 1
001 - CONTROL NUMBER
- control field: 33133
003 - CONTROL NUMBER IDENTIFIER
- control field: IT-RoPau
005 - DATE AND TIME OF LATEST TRANSACTION
- control field: 20140703170033.0
008 - FIXED-LENGTH DATA ELEMENTS
- fixed length control field: 140703|| aca||aabn | a|a d
040 ## - CATALOGING SOURCE
- Original cataloging agency: IT-RoPau
- Transcribing agency: IT-RoPau
150 ## - HEADING--TOPICAL TERM
- Topical term or geographic name entry element: RELIGIOSO [SPARTITI MUSICALI]
- : Codice MATERIA SPICS: 9953
670 ## - SOURCE DATA FOUND
- Source citation: Work cat.: (IT-RoPau)101288: Borgo Gaetano 33130, Ovunque tu ci sei